Тест на общие знания №31 - Statistics

General Stats
  • This quiz has been taken 51 times
  • The average score is 7 of 20
Answer Stats
Вопрос Ответ % Correct
Единственным слабым местом какого древнегреческого героя была пятка? Ахиллес
82%
Какой член "Comedy Club" имеет прозвище "бульдог"? Гарик Харламов
76%
Что хранит Лепрекон на конце радуги? горшочек с золотом
59%
Что означает буква "З" в аббревиатуре ВОЗ? здравоохранение
56%
Как называется наличие глаз с разными цветами радужки? гетерохромия
56%
О чём говорил Гэндальф, советуя Фродо "хранить это в тайне и беречь как зеницу ока"? Кольцо Всевластия
53%
Во что, согласно фразеологизму, переливают из пустого? порожнее
53%
Каким писателем был придуман Эркюль Пуаро? Агата Кристи
53%
Как называлась группа музыкантов, в которую входили Милий Балакирев, Модест Мусоргский, Александр Бородин, Николай Римский-Корсаков и Цезарь Кюи? "Могучая кучка"
47%
Какое растение также известно как "морская капуста"? ламинария
35%
Как называется охотничий инструмент, имитирующий голоса птиц или зверей? манок
32%
В состав какой супергеройской команды входили Гамбит, Зверь, Ночной змей, Циклоп и другие? Люди Икс
24%
На каком острове жили дронты, которых полностью истребили люди в XVII веке? Маврикий
18%
Каких персонажей придумал художник Пейо, по одной из версий, увидев в лесу большие грибы? Смурфики
15%
Какая древнеегипетская царица на официальных мероприятиях носила мужскую одежду и накладную бороду? Хатшепсут
12%
Прототипом какого изобретения была остеотома - пила с ручкой для разрезания кости? бензопила
12%
Какой латиноамериканской страной правил японец Альберто Фухимори? Перу
12%
В 1996-м году, в первом поколении, их было около 150, сейчас их больше 1000. О ком идёт речь? Покемоны
9%
Каким животным был Моисей из романа "Скотный двор"? ворон
9%
Из сего изготавливают манильскую пеньку? банановые листья
9%
No matching quizzes found
Score Distribution
Percent of People with Each Score
Percentile by Number Answered
Your Score History
You have not taken this quiz